| 000 | 00861nam a2200217Ia 4500 | ||
|---|---|---|---|
| 999 |
_c38272 _d38272 |
||
| 001 | 4279 | ||
| 003 | GE_BSU | ||
| 005 | 20191015144713.0 | ||
| 008 | 181216s||||||||xx |||||||||||||| ||und|| | ||
| 040 | _cGE_BSU | ||
| 080 | _a271.22–726.2(479.22) | ||
| 100 |
_aნიკოლეიშვილი, ავთანდილ _9296 |
||
| 245 |
_aგაბრიელ ეპისკოპოსი (ქიქოძე) / _cრედ. ვ. ხარჩილავა. |
||
| 264 |
_aთბილისი : _bმერანი, _c1990. |
||
| 300 | _a124გვ. 20სმ. | ||
| 541 | _h3ლ | ||
| 653 | _aგაბრიელ ეპისკოპოსი (ქიქოძე) | ||
| 653 | _aქართველი ეპისკოპოსები; | ||
| 700 |
_aხარჩილავა, ვ. _eრედაქტორი _94716 |
||
| 942 |
_cBK _2udc |
||